|
|
|
|
| LEADER |
00908fam a2200289 a 4500 |
| 008 |
940115s1993 ii b 000 0 eng |
| 010 |
|
|
|a 93907616
|
| 020 |
|
|
|a 8185107335:
|c Rs250.00
|
| 020 |
|
|
|a 8185107343(pbk.)
|
| 025 |
|
|
|a I-E-72669
|
| 035 |
|
|
|a (NNC)1849658
|
| 035 |
|
|
|a (OCoLC)29648133
|
| 035 |
|
|
|a (OCoLC)ocm29648133
|
| 042 |
|
|
|a lcode
|
| 082 |
|
|
|a 305.42 MIE/E
|
| 100 |
1 |
|
|a Mies, Maria.
|
| 245 |
1 |
0 |
|a Ecofeminism /
|c Maria Mies, Vandana Shiva.
|
| 260 |
|
|
|a New Delhi :
|b Kali for Women,
|c 1993.
|
| 300 |
|
|
|a 324 p. ;
|c 23 cm.
|
| 504 |
|
|
|a Includes bibliographical references.
|
| 650 |
|
0 |
|a Ecofeminism.
|
| 650 |
|
0 |
|a Human ecology.
|
| 700 |
1 |
|
|a Shiva, Vandana.
|
| 900 |
|
|
|a AUTH
|
| 942 |
|
|
|2 ddc
|c BK
|
| 999 |
|
|
|c 191555
|d 191555
|
| 952 |
|
|
|0 0
|1 0
|4 0
|6 305_420000000000000_MIE_E
|7 0
|9 211318
|a ENG
|b ENG
|c ST1
|d 2015-10-14
|i 14418
|l 1
|o 305.42 MIE/E
|p ENG14418
|r 2018-07-03
|s 2018-06-06
|w 2015-10-14
|y BK
|